| 000 | 00483nam a2200181Ia 4500 | ||
|---|---|---|---|
| 005 | 20250326123958.0 | ||
| 008 | 250326s9999 xx 000 0 und d | ||
| 037 | _aTextbook | ||
| 040 |
_aFMSL _beng _cFMSL |
||
| 041 |
_aeng _2eng |
||
| 084 |
_aXt4 L0.2 _qFMSL |
||
| 100 | _aHaley B F | ||
| 245 | 0 |
_aSurvey of contemporary economics _cHaley B F |
|
| 260 |
_aUSA _bUSA, Richard D Irwin _c1952 |
||
| 300 | _a474p | ||
| 942 |
_cTB _hXt4 L0.2 |
||
| 999 |
_c1271741 _d1271741 |
||